The UK vs the USA in Television Quiz Stats

Quiz Updated May 15, 2015

Challenge
Share
Tweet
Score 0/18 Timer 06:00
5 Plays Today
% Correct
The Apprentice / The Apprentice
92.8%
Family Fortunes / Family Feud
90.8%
Geordie Shore / Jersey Shore
88.9%
Wheel Of Fortune / Wheel Of Fortune
87.9%
Are You Smarter Than a 10 Year Old? / Are You Smarter Than A 5th Grader
84.7%
The Brighton Belles / The Golden Girls
79.5%
Days Like These / That '70s Show
78%
Britain and Ireland's Next Top Model / America's Next Top Model
74.3%
Jeopardy! / Jeopardy!
73.4%
% Correct
Total Wipeout / Wipeout
73.3%
Law & Order: UK / Law & Order
67.3%
Celebrity Squares / Hollywood Squares
66.6%
Married For Life / Married With Children
58%
So You Think You Can Dance / So You Think You Can Dance
55.1%
University Challenge / College Bowl
48.7%
Blankety Blank / Match Game
40.3%
The Upper Hand / Who's The Boss
38.4%
Win Beadle's Money / Win Ben Stein's Money
32.4%

You're not logged in!

Compare scores with friends on all Sporcle quizzes.
Sign Up with Email
OR
Log In

You Might Also Like...

Show Comments

Extras

Top Quizzes Today


Score Distribution

Your Account Isn't Verified!

In order to create a playlist on Sporcle, you need to verify the email address you used during registration. Go to your Sporcle Settings to finish the process.